| 000 | 00754nam a22002657a 4500 | ||
|---|---|---|---|
| 001 | 8940 | ||
| 003 | FISKH | ||
| 005 | 20251111082552.0 | ||
| 008 | 251111b cb ||||| |||| 00| 0 eng d | ||
| 020 | _a9780822538943 | ||
| 040 |
_aFISKH _beng _cFISKH _dFISKH |
||
| 050 | _aPZ8.S4504 G | ||
| 082 | _a813.6 | ||
| 100 | _aMitchell, Melanie | ||
| 245 |
_aGreen / _cby Melanie Mitchell |
||
| 260 |
_aMinneapolis : _bLerner Publications, _c2004. |
||
| 300 |
_a8 pages : _bcolor illustrations ; _c18 cm |
||
| 505 | _aaa | ||
| 520 | _aIllustrations and simple, rhyming text explore the many shades of the color green. | ||
| 521 | 8 |
_a10
_bLexile estimate |
|
| 521 | 8 |
_aaa
_bRaz-Plus |
|
| 650 | _aColor | ||
| 942 |
_2ddc _cBK _n0 |
||
| 999 |
_c8940 _d8940 |
||